| 000 | 01026cam a2200289 a 4500 | ||
|---|---|---|---|
| 999 |
_c26378 _d26378 |
||
| 001 | 4354652 | ||
| 005 | 20170204100158.0 | ||
| 008 | 891103s1989 fr a b 000 0 fre | ||
| 010 | _a 89203453 | ||
| 020 | _a2851171046 | ||
| 050 | 0 | 0 | _aND653.V418V53 1989 |
| 100 | 1 | _aViatte, Germain. | |
| 245 | 1 | 0 |
_aGeer van Velde / _cGermain Viatte. |
| 260 |
_a[Paris] : _bEditions "Cahiers d'art", _cc1989. |
||
| 300 |
_a221 p. : _bill. (some col.) ; _c31 cm. |
||
| 500 | _aFrench, Dutch, and English. | ||
| 504 | _aIncludes bibliographical references (p. 215-217). | ||
| 600 | 1 | 0 |
_aVelde, Geer van, _d1898-1977 _xCriticism and interpretation. |
| 942 |
_2lcc _cBOOKS |
||